000 00661nam a2200217 a 4500
001 55559
003 BD-RjUL
005 20211209080301.0
008 161120s1965 enk||||| |||| 00| 0 eng d
035 _a(BD-RjUL)55682
040 _aBD-RjUL
_beng
_cBD-RjUL
041 _aeng
082 _223
_a822.912
_bKAG 1965
245 0 0 _aG.B. Shaw :
_b a collection of critical essays /
_cEdited by R. J. Kaufmann
260 _aEnglewood Cliffs, N.J. :
_bPrentice Hall,
_c©1965.
300 _a182 p. ;
_c19 cm
504 _aIncludes Bibliographical References
600 _aShaw, Bernard,
_y1856-1950
_9165898
700 _aKaufmann, R. J.
_9165489
942 _2ddc
_cBK
999 _c55559
_d55559